| 000 | 01011cam a22003255a 4500 | ||
|---|---|---|---|
| 999 |
_c27239 _d27210 |
||
| 001 | 019210148 | ||
| 003 | EG-ScBUE | ||
| 005 | 20190314153721.0 | ||
| 008 | 190104s2019 enka frb 001 0 eng d | ||
| 015 |
_aGBB909054 _2bnb |
||
| 016 | 7 |
_a019210148 _2Uk |
|
| 020 | _a9781292269245 (pbk.) | ||
| 020 | _a1292269243 (pbk.) | ||
| 040 |
_aStDuBDS _beng _cStDuBDS _dEG-ScBUE |
||
| 082 | 0 | 4 |
_a658.8342 _bSCH _222 |
| 100 | 1 |
_aSchiffman, Leon G. _938217 |
|
| 245 | 1 | 0 |
_aConsumer behavior / _cLeon G. Schiffman, Joseph Wisenbilt. |
| 250 | _a12th ed., Global ed. | ||
| 260 |
_aHarlow : _bPearson Education Limited, _cc.2019. |
||
| 300 |
_a508 p. : _bill. (col.) ; _c28 cm. |
||
| 500 | _aPrevious edition: Boston: Pearson, 2015. | ||
| 504 | _aIncludes bibliographical references and index. | ||
| 650 | 7 |
_aConsumer behavior. _2BUEsh |
|
| 650 | 7 |
_aMotivation research (Marketing) _2BUEsh |
|
| 651 | _2BUEsh | ||
| 653 |
_bBUSADM _cMarch2019 |
||
| 655 | _vText book | ||
| 700 | 1 | _aWisenblit, Joseph. | |
| 942 | _2ddc | ||